| 000 | 01140cam a2200229 4500 | ||
|---|---|---|---|
| 001 | WB3846-07 | ||
| 008 | 021211n2002 000 0 eng u | ||
| 035 | _a(Sirsi) u120722 | ||
| 245 | _aNumber of companies in PFI expected to fall | ||
| 260 | _c2002 | ||
| 490 |
_aRICS Facilities Management Faculty News _v 6 December 2002, (1) |
||
| 520 | _aStudy by the International Project Finance Association of project sponsors, funders and advisors has found that the majority expect a decline in the number of private companies bidding for future work. The reasons for this include a decline in share prices and revised accounting proceedures. However most private sector organisations are happy with how the public sector handles PFI. For the RICS Facilities Management News: http://www.rics.org/ricscms/bin/show?class=News&template=/includes/shownews.html&id=4383 | ||
| 590 | _aWB | ||
| 650 | _aPFI | ||
| 650 | _aPFI CONTRACTS | ||
| 650 | _aBIDDING | ||
| 650 | _aPUBLIC SECTOR | ||
| 650 | _aOFFICE OF GOVERNMENT COMMERCE | ||
| 650 | _aPARTNERSHIPS UK | ||
| 690 | _aMANAGEMENT-BUSINESS MANAGEMENT-FINANCIAL MANAGEMENT | ||
| 942 | _n0 | ||
| 999 |
_c71733 _d71733 |
||